|
|
|
|
| LEADER |
00671nam a2200193 4500 |
| 020 |
|
|
|c 595
|
| 082 |
|
|
|a 658 STE
|
| 100 |
|
|
|a Steers, Richard; Sanchezrunde, carlos j; Nardon, Luciara
|
| 245 |
|
|
|a Management across cultures : challenges and strategies
|c Steers, Richard; Sanchezrunde, carlos j; Nardon, Luciara
|
| 250 |
|
|
|
| 260 |
|
|
|a Cambridge University Press, Cambridge
|c 2011
|
| 300 |
|
|
|a 438 p
|
| 490 |
|
|
|
| 500 |
|
|
|
| 590 |
|
|
|a Modern Book Centre
|b MBC-0547/2013 dtd 26/06/2013
|
| 650 |
|
|
|a Management
|
| 942 |
|
|
|c BK
|
| 999 |
|
|
|c 145697
|d 145697
|
| 952 |
|
|
|0 0
|1 0
|4 0
|6 658_000000000000000_STE
|7 0
|9 159157
|a IMK
|b IMK
|g 595.00
|l 0
|o 658 STE
|p IMK12059
|r 2019-10-25
|w 2019-10-25
|y BK
|